| 000 | 01167nam a22002297a 4500 | ||
|---|---|---|---|
| 005 | 20240206110243.0 | ||
| 010 | _aHIN-126798 | ||
| 020 |
_a978819565625 _c695.00 |
||
| 035 | _aHN-99144 | ||
| 037 | _bDBAD/PUB | ||
| 082 | _a820.08 | ||
| 100 |
_aनिराला _961724 |
||
| 245 |
_aविचार का आईना/ _cनिराला;विवेक निराला द्वारा संपादित |
||
| 260 |
_aआगरा _bलोकभारती प्रकाशन _c 2023 |
||
| 270 |
_aपहली मंजिल,दरबारी बिल्डिंग महात्मा गाँधी मार्ग _bप्रयागराज _e211001 |
||
| 270 |
_a1-बी नेताजी सुभाष मार्ग दरियागंज _bनई दिल्ली _e110002 |
||
| 300 |
_a165पृ.; _c23 सेमी.(सजिल्द) |
||
| 700 |
_e _961527 |
||
| 710 |
_961536 _aविवेक निराला _eसंपादक |
||
| 710 |
_aबद्री नारायण _e शृंखला संपादक _961548 |
||
| 942 |
_2ddc _cHN _h820.08 _mनिराला |
||
| 999 |
_c200510 _d200510 |
||